Achternamen naar Land van Oorsprong - Statistieken

Algemene statistieken
  • Deze quiz is 3.345 keer genomen
  • De gemiddelde score is 14 van 21
Antwoordstatistieken
Achternaam Land % Correct
Schneider Duitsland
95%
Chen China
94%
Smith Verenigd Koninkrijk
93%
Kim Noord-Korea | Zuid-Korea
90%
Dubois Frankrijk
89%
Rodriguez Spanje
87%
Sørensen Denemarken | Noorwegen
84%
O'Donnell Ierland
81%
Kowalski Polen
78%
Ivanov Rusland | Bulgarije
77%
Papadopoulos Griekenland
69%
Shevchenko Oekraïne
63%
Nakamura Japan
55%
Abdullah Saoedi-Arabië
52%
Ionescu Roemenië
42%
Kardashian Armenië
41%
Nguyen Vietnam
41%
Esposito Italië
39%
Teixeira Portugal
35%
Patel India
33%
Jafari Iran
18%
Geen overeenkomende quizzen gevonden
Scoreverdeling
Procent van Mensen met Elke Score
Percentiel versus Aantal Correcte Antwoorden
Uw Scoregeschiedenis
U heeft deze quiz nog niet genomen